书目信息 |
| 题名: |
机械制图
|
|
| 作者: | 马希青 , 苏梦香 , 赵月罗 主编 | |
| 分册: | ||
| 出版信息: | 徐州 中国矿业大学出版社 2004.07 |
|
| 页数: | 461页 | |
| 开本: | 26cm | |
| 丛书名: | ||
| 单 册: | ||
| 中图分类: | TH126-44 | |
| 科图分类: | ||
| 主题词: | 机械制图--ji xie zhi tu--高等学校--习题 | |
| 电子资源: | ||
| ISBN: | 7-81070-344-7 | |
| 000 | 00985nam0 2200277 450 | |
| 001 | 0160977332 | |
| 005 | 20051005141255.50 | |
| 010 | @a7-81070-344-7@dCNY59.50 (含习题集) | |
| 100 | @a20041212d2004 km y0chiy0120 ea | |
| 101 | 0 | @achi |
| 102 | @aCN@b320000 | |
| 105 | @aa a 000yy | |
| 200 | 1 | @a机械制图@Aji xie zhi tu@f马希青, 苏梦香, 赵月罗主编@Fma xi qing,su meng xiang,zhao yue luo zhu bian |
| 205 | @a第2版 | |
| 210 | @a徐州@c中国矿业大学出版社@d2004.07 | |
| 215 | @a461页@c图@d26cm@e机械制图习题集(56页;26×37cm) | |
| 320 | @a有书目。 | |
| 330 | @a本习题集包括基本练习题和制图作业及AutoCAD上机操作练习题三部分。全部采用最新国家标准,难易程度成梯度排列。 | |
| 333 | @a面向21世纪高等学校教学用书 | |
| 606 | 0 | @a机械制图@Aji xie zhi tu@x高等学校@x习题 |
| 690 | @aTH126-44@v4 | |
| 701 | 0 | @a马希青@Ama xi qing@4主编 |
| 701 | 0 | @a苏梦香@Asu meng xiang@4主编 |
| 701 | 0 | @a赵月罗@Azhao yue luo@4主编 |
| 801 | 0 | @aCN@bQSSK@c20051005 |
| 905 | @a10447@dTH126-44@eM196 | |
| 机械制图/马希青, 苏梦香, 赵月罗主编.-第2版.-徐州:中国矿业大学出版社,2004.07 |
| 461页:图;26cm+机械制图习题集(56页;26×37cm) |
| 使用对象:面向21世纪高等学校教学用书 |
| ISBN 7-81070-344-7:CNY59.50 (含习题集) |
| 本习题集包括基本练习题和制图作业及AutoCAD上机操作练习题三部分。全部采用最新国家标准,难易程度成梯度排列。 |
| ● |
| 相关链接 |
|
|
|
正题名:机械制图
索取号:TH126-44/M196
 
预约/预借
| 序号 | 登录号 | 条形码 | 馆藏地/架位号 | 状态 | 备注 |
| 1 | 573265 | 205732652 | 自科库501/501自科库 36排3列4层/ [索取号:TH126-44/M196] | 在馆 | |
| 2 | 573266 | 205732661 | 自科库501/501自科库 36排3列4层/ [索取号:TH126-44/M196] | 在馆 | |
| 3 | 573267 | 205732670 | 自科库501/501自科库 36排3列4层/ [索取号:TH126-44/M196] | 在馆 |